Reconstruction of Religious Thought in Islam / (Record no. 185430)

000 -LEADER
fixed length control field 00673 a2200169 4500
003 - CONTROL NUMBER IDENTIFIER
control field Nust
005 - DATE AND TIME OF LATEST TRANSACTION
control field 20221207124053.0
040 ## - CATALOGING SOURCE
Transcribing agency Nust
082 ## - DEWEY DECIMAL CLASSIFICATION NUMBER
Classification number 297.2,IQB
100 ## - MAIN ENTRY--PERSONAL NAME
Personal name Iqbal,Mohammad
9 (RLIN) 104333
245 ## - TITLE STATEMENT
Title Reconstruction of Religious Thought in Islam /
Statement of responsibility, etc. Sir Mohammad Iqbal
260 ## - PUBLICATION, DISTRIBUTION, ETC.
Place of publication, distribution, etc. Lahore
Name of publisher, distributor, etc. Shaikh Muhammad Ashraf
Date of publication, distribution, etc. 1960
300 ## - PHYSICAL DESCRIPTION
Extent 205:p.'
505 ## - FORMATTED CONTENTS NOTE
Formatted contents note Knowledge And Religion Experience (Page-1), The Philosophical Test Of The Revelations Of Religious Experience (Page-28), The Human Ego (Page-95), The Spirit Of Muslim Culture (Page-124), Is Religion Possible (Page-181).
650 ## - SUBJECT ADDED ENTRY--TOPICAL TERM
Topical term or geographic name entry element Religious Thought in Islam
9 (RLIN) 104334
942 ## - ADDED ENTRY ELEMENTS (KOHA)
Source of classification or shelving scheme
Koha item type Book
Call number prefix 297.2,IQB
Holdings
Withdrawn status Lost status Source of classification or shelving scheme Damaged status Not for loan Permanent Location Current Location Shelving location Date acquired Full call number Barcode Date last seen Price effective from Koha item type Public note
          Military College of Signals (MCS) Military College of Signals (MCS) General Stacks 12/12/2016 297.2,IQB MCS29194 12/08/2016 12/12/2016 Book Almirah No.47, Shelf No.3
© 2023 Central Library, National University of Sciences and Technology. All Rights Reserved.